THE WAITER (Record no. 8007)

MARC details
000 -LEADER
fixed length control field 00344nam a22001697a 4500
020 ## - INTERNATIONAL STANDARD BOOK NUMBER
International Standard Book Number 81-8204-064-7
082 ## - DEWEY DECIMAL CLASSIFICATION NUMBER
Classification number 651
Item number YAD
100 ## - MAIN ENTRY--PERSONAL NAME
Personal name YADAV,MANOK K.
245 ## - TITLE STATEMENT
Title THE WAITER
250 ## - EDITION STATEMENT
Edition statement 1ST
260 ## - PUBLICATION, DISTRIBUTION, ETC. (IMPRINT)
Place of publication, distribution, etc DELHI
Name of publisher, distributor, etc AMAN
Year of Publication 2011
300 ## - PAGE DESCRIPTION
No. of Pages 270
650 ## - SUBJECT ADDED ENTRY--TOPICAL TERM
Topical term or geographic name as entry element HOTEL SERVICES
653 ## - KEYWORDS--INDEX TERM
Keyword term CATERING
700 ## - ADDED ENTRY--PERSONAL NAME
Personal name BOOKS
942 ## - ADDED ENTRY ELEMENTS (KOHA)
Source of classification or shelving scheme Dewey Decimal Classification
Koha item type Books
Holdings
Withdrawn status Lost status Source of classification or shelving scheme Damaged status Not for loan Collection code Home library Current library Shelving location Date acquired Vendor Name Cost, normal purchase price SGTU Bill Number Total Checkouts Full call number Accession No. (Barcode) Date last seen Date last borrowed Bill Date Koha item type
    Dewey Decimal Classification     HOTEL MANAGEMENT SGT Science & Social Sciences Library SGT Science & Social Sciences Library Text Book 08/10/2015 JINDAL BOOK SERVICE 380.00 SGTU 1775 2 651 YAD HM163 24/02/2026 11/02/2026   Books
    Dewey Decimal Classification     HOTEL MANAGEMENT SGT Science & Social Sciences Library SGT Science & Social Sciences Library Text Book 08/10/2015 JINDAL BOOK SERVICE 380.00 SGTU 1775   651 YAD HM164 08/10/2015     Books
    Dewey Decimal Classification     HOTEL MANAGEMENT SGT Science & Social Sciences Library SGT Science & Social Sciences Library Text Book 08/10/2015 JINDAL BOOK SERVICE 380.00 SGTU 1775   651 YAD HM165 08/10/2015     Books
    Dewey Decimal Classification     HOTEL MANAGEMENT SGT Science & Social Sciences Library SGT Science & Social Sciences Library Text Book 08/10/2015 JINDAL BOOK SERVICE 380.00 SGTU 1775   651 YAD HM166 08/10/2015     Books
    Dewey Decimal Classification     HOTEL MANAGEMENT SGT Science & Social Sciences Library SGT Science & Social Sciences Library Text Book 08/10/2015 JINDAL BOOK SERVICE 380.00 SGTU 1775   651 YAD HM167 08/10/2015     Books